<?xml version="1.0" encoding="UTF-8"?>
<resp>
  <nextPage>https://data.bn.org.pl/api/networks/bibs.marcxml?marc=001+b00001150001143&amp;sinceId=1150001144</nextPage>
  <collection>
    <record xmlns='http://www.loc.gov/MARC21/slim'><leader>01039namZa2200337ZiZ4500</leader><controlfield tag='001'>b00001150001143</controlfield><controlfield tag='005'>20260403094846.4</controlfield><controlfield tag='008'>230609s        pl           |000 0 pol c</controlfield><controlfield tag='009'>9913261912205606</controlfield><datafield ind1=' ' ind2=' ' tag='020'><subfield code='a'>8324104569</subfield></datafield><datafield ind1=' ' ind2=' ' tag='035'><subfield code='a'>KR_1KR_1_20120318001719039226-48omnis_kr</subfield></datafield><datafield ind1=' ' ind2=' ' tag='035'><subfield code='a'>KR_1_20120318001719039226</subfield><subfield code='9'>ExL</subfield></datafield><datafield ind1=' ' ind2=' ' tag='035'><subfield code='a'>(PL)b00001150001143</subfield></datafield><datafield ind1=' ' ind2=' ' tag='040'><subfield code='a'>KR_1</subfield><subfield code='c'>KR_1</subfield></datafield><datafield ind1='1' ind2=' ' tag='041'><subfield code='a'>pol</subfield><subfield code='h'>eng</subfield></datafield><datafield ind1='1' ind2=' ' tag='100'><subfield code='a'>Foley, Gaelen</subfield></datafield><datafield ind1='1' ind2='0' tag='245'><subfield code='a'>Jego Wysokość Pirat /</subfield><subfield code='c'>Gaelen Foley ; przekł. Maria Wójtowicz.</subfield></datafield><datafield ind1=' ' ind2=' ' tag='260'><subfield code='a'>W-wa :</subfield><subfield code='b'>&quot;Amber&quot;,</subfield><subfield code='c'>2001.</subfield></datafield><datafield ind1=' ' ind2=' ' tag='300'><subfield code='a'>310 s. ;</subfield><subfield code='c'>21 cm.</subfield></datafield><datafield ind1='1' ind2=' ' tag='490'><subfield code='a'>Romans Historyczny</subfield></datafield><datafield ind1=' ' ind2=' ' tag='500'><subfield code='a'>p</subfield></datafield><datafield ind1=' ' ind2='9' tag='650'><subfield code='a'>Powieść amerykańska</subfield><subfield code='y'>20 w.</subfield></datafield><datafield ind1='1' ind2=' ' tag='700'><subfield code='a'>Wójtowicz, Maria.</subfield><subfield code='e'>Tł.</subfield></datafield><datafield ind1=' ' ind2=' ' tag='852'><subfield code='b'>48OMNIS_NETWORK</subfield><subfield code='8'>9913261912205606</subfield></datafield><datafield ind1=' ' ind2=' ' tag='852'><subfield code='b'>48OMNIS_KR</subfield><subfield code='8'>991000011429708216</subfield></datafield><datafield ind1=' ' ind2=' ' tag='852'><subfield code='b'>48OMNIS_RAD</subfield><subfield code='8'>991000899535007910</subfield></datafield><datafield ind1=' ' ind2=' ' tag='852'><subfield code='8'>2216616210007910</subfield><subfield code='j'>1</subfield><subfield code='b'>RAD_4_4</subfield><subfield code='p'>RAD_4_001655</subfield><subfield code='c'>FP</subfield></datafield><datafield ind1=' ' ind2=' ' tag='920'><subfield code='a'>83-241-0456-9</subfield></datafield></record>
  </collection>
</resp>
